BD - Les Schtroumpfs - Statistiques

Statistiques générales
  • Ce quiz a été pris 227 fois
    225 depuis la dernière actualisation
  • Le résultat moyen est 22 sur 30
Statistiques - réponses
Question Réponse % Correct
Quel Schtroumpf existe ? à lunettes
100%
Quel Schtroumpf existe ? peureux
100%
Quel Schtroumpf existe ? Beta
97%
Quel Schtroumpf existe ? paysan
97%
Qui a créé le Schtroumpf robot ? Schtroumpf bricoleur
97%
Combien sont les Schtroumpfs à l'origine ? 99
95%
Qui existe ? Cosmoschtroumpf
95%
Que porte toujours le Schtroumpf frileux ? une écharpe
95%
Comment se nomme le chat de Gargamel ? Azraël
92%
La Schtroumpfette est... blonde
92%
Qui existe ? Schtroumpf coquet
92%
Qui est tatoué ? Schtroumpf costaud
92%
Qui existe ? Schtroumpf musicien
92%
Qui porte une fleur au bonnet ? Schtroumpf coquet
90%
Quel Schtroumpf n'existe pas ? chocolatier
87%
Qui existe ? Schtroumpf reporter
85%
Quelle est la cible préférée du Schtroumpf farceur ? Schtroumpf moralisateur
79%
Pourquoi Gargamel veut-il capturer les Schtroumpfs ? pour fabriquer la pierre philosophale
77%
Quel album n'existe pas ? La cuisine du Schtroumpf
72%
Le Bébé Schtroumpf a été apporté par une cigogne, une nuit ... bleue
69%
Comment se nomme le cousin de Gargamel qui est gentil avec les Schtroumpfs ? Sagratamabarb
67%
Peyo, le créateur des Schtroumpfs est aussi celui de trois de ces séries, quelle est l'intruse ? Quick et Flupke
64%
Quel Schtroumpf existe ? financier
62%
Qui est le Schtroumpf noir ? Schtroumpf grognon
54%
Quel album existe ? Benco et les Schtroumpfs
31%
Quel film d'animation n'existe pas ? La flûte à cinq schtroumpfs
31%
Que craint le Schtroumpf peureux ? que Gargamel lui tombe sur la tête
31%
Quel album n'existe pas ? Schtroumpfonie en do
28%
Qui n'est pas une sorcière dans le dessin animé ? Agnès
21%
Qui est le 100e Schtroumpf ? Coquet
15%
Aucun quiz correspondant
Distribution des résultats
% des personnes avec chaque résultat
Percentile par nombre de réponses
Votre historique - résultats
Vous n’avez pas pris ce quiz depuis la dernière actualisation